Introducción a la Ciencia de Materiales

Gardado en:
Detalles Bibliográficos
Formato: Libro
Idioma:Lingua castelá
Publicado: Ciudad de México Limusa-Wiley 1968
Subjects:
Tags: Engadir etiqueta
Sen Etiquetas, Sexa o primeiro en etiquetar este rexistro!

MARC

LEADER 00000nam a2200000 a 4500
001 UCU4029
003 CL-VaPUC
008 960517e19680000MX |||||||||||||||||spa|d
082 0 4 |a 620.11  |b INT  |2 21 
245 1 0 |a Introducción a la Ciencia de Materiales 
300 |a 4 v 
942 |c BK 
945 |d 19960517 00:00:00  |a cmena 
260 |a Ciudad de México  |b Limusa-Wiley  |c 1968 
500 |a v.1: Estructura 
500 |a v.2: Propiedades termodinámicas 
500 |a v.4: Propiedades electrónicas 
650 7 |a PROPIEDADES ELECTROMAGNETICAS  |2 CL-VaPUC  |9 345468 
650 0 |a Propiedades eléctricas   |9 271909 
650 7 |a DISPOSITIVOS FOTOELECTRICOS  |2 CL-VaPUC  |9 361373 
650 7 |a PROPIEDADES TERMODINAMICAS  |2 CL-VaPUC  |9 357585 
650 7 |a TEMPERATURA  |2 CL-VaPUC  |9 361374 
650 0 |a Conductores eléctricos  |9 263132 
650 7 |a MATERIALES SEMICONDUCTORES  |2 CL-VaPUC  |9 361375 
650 7 |a TECNOLOGIA ELECTRICA  |2 CL-VaPUC  |9 336952 
650 7 |a PROPIEDADES OPTICAS  |2 CL-VaPUC  |9 361376 
583 |a last modification  |c 19960517 00:00:00  |k Rodrigo Vera 
999 |c 247859  |d 247857 
952 |0 0  |1 0  |4 0  |6 620_110000000000000_INT_1968  |7 0  |8 A  |9 264059  |a BIBING  |b BIBING  |d 2019-11-19  |h v.2  |i 1665170  |o 620.11 INT 1968  |p 1665170  |r 2025-01-20  |w 2019-11-19  |y BK  |k CCL 
952 |0 0  |1 0  |4 0  |6 620_110000000000000_INT_1968  |7 0  |8 A  |9 264060  |a BIBING  |b BIBING  |d 2019-11-19  |h v.3  |i 1665383  |o 620.11 INT 1968  |p 1665383  |r 2025-01-20  |w 2019-11-19  |y BK  |k CCL 
952 |0 0  |1 0  |4 0  |6 620_110000000000000_INT_1968  |7 0  |8 A  |9 264061  |a BIBING  |b BIBING  |d 2019-11-19  |h v.4  |i 1665154  |o 620.11 INT 1968  |p 1665154  |r 2025-01-20  |w 2019-11-19  |y BK  |k CCL